Регионална библиотека "Любен Каравелов" - Русе

Записки по българските въстания (Запис номер 134553)

MARC детайли
000 -Лидер
Лидер 02572nam a2200505 c 4500
003 - Код на организацията, давaща контролен номер
Код на организацията, даваща контролен номер BLK
005 - Дата и час на последна редакция
Дата и час на последна редакция 20240322005338.0
008 - Елементи от данни с фиксирана дължина
Елементи с фиксирана дължина 180409b bul|||||r ||||||| ||bul||
010 ## - Наследен системен номер
LC control number KNG00140467000
040 ## - Източник на каталожния запис
Код на библиотеката BLK
041 ## - Код за език
Език Български
Език за КДБФ Български
072 #7 - Код за тематичната категория
Код организация bullib
Код за тематична категория К
Текст Краезнание
080 ## - УДК
УДК текст Българска литература
УДК код 821.163.2
УДК – определител -94
УДК – код + определител 821.163.2-94
080 ## - УДК
УДК текст Априлско въстание (1876). Четата на Хр. Ботев
УДК код 94(497.2)"1876"
УДК – определител (093.3)
УДК – код + определител 94(497.2)"1876"(093.3)
100 ## - Редна дума - Автор
Автор Стоянов, Захарий
Биография на автора Стоянов, Захари
Години, свързани с автора 1850-1889
Пълна форма на името Джедев, Джендо Стоянов
R(LIN) 364101
245 10 - Сведения за заглавието
Заглавие Записки по българските въстания
Подзаглавни данни Разказ на очевидци : 1870 - 1876 : Т. 1 - 3
Авторска отговорност Захари Стоянов ; Ред. колегия Богомил Райнов и др
Том Т. 2
257 ## - Страна на издаване
Страна на създаване/издаване България
260 ## - Област на издателските данни
Име на издателя Бълг. писател
Година на издаване 1967 -
Място на издаване София
300 ## - Физическа характеристика
Размер 19 см
Брой страници 200 с.
380 ## - Жанр
Жанр Худож. лит.
490 ## - СЕРИИ (Колекции)
Серия Библиотека Български писатели
9 (RLIN) 458671
500 ## - Общи забележки
Обща забележка Истинското име на авт. е Джендо Стоянов Джедев Далакчиев. - Други ред. : Г. Караславов, Г. Цанев, Е. Каранфилов, К. Калчев, Н. Фурнаджиев, Н. Хайтов, П. Зарев. - 20 100 тир.
650 #7 - Допълнително описание по предмет – тема
Предметна рубрика Априлско въстание, 1876 г.
Източник на редна или ключова дума
9 (RLIN) 147292
651 #4 - Допълнително описание по предмет - топоним
Географско понятие България
9 (RLIN) 241624
653 ## - Ключова дума – ненормативна
Ключови думи Априлско въстание
653 ## - Ключова дума – ненормативна
Ключови думи българска история
659 ## - Тематичен бюлетин
Тематичен бюлетин К
700 1# - Други автори (авторска отговорност)
Друг автор Райнов, Богомил
Авт. отговорност на др. автор ред. кол.
9 (RLIN) 377616
700 1# - Други автори (авторска отговорност)
Друг автор Джедев, Джендо Стоянов
Авт. отговорност на др. автор *
9 (RLIN) 324456
700 1# - Други автори (авторска отговорност)
Друг автор Караславов, Георги Славов
Авт. отговорност на др. автор *
9 (RLIN) 366141
700 1# - Други автори (авторска отговорност)
Друг автор Цанев, Георги
Авт. отговорност на др. автор *
Друга информация Ангелов, Георги Цанев
9 (RLIN) 367849
700 1# - Други автори (авторска отговорност)
Друг автор Каранфилов, Ефрем
Авт. отговорност на др. автор *
9 (RLIN) 367837
700 1# - Други автори (авторска отговорност)
Друг автор Зарев, Пантелей
Авт. отговорност на др. автор *
Друга информация Пантев, Пантелей Йорданов
9 (RLIN) 365745
760 1# - Описание на основната серия
Редна дума на основното описание Стоянов, Захари
Място на издаване, издател и година 1967
Страници - том 396 с.
Забележка - том Подв.
Заглавие Т. 2
852 ## - Местоположение
Сигнатура (форматна) Цб 43016
856 4# - Електронен адрес и достъп
Електронен формат pdf - файл
Инструкция (цена за достъп) 0.00
Права за достъп disable
856 4# - Електронен адрес и достъп
Електронен формат pdf - файл
Инструкция (цена за достъп) 0.00
Права за достъп disable
942 ## - АРТИКУЛИ
Вид на библиотечния документ Книги
Скрит в OPAC Не
Koha issues (borrowed), all copies 1
Периодичен библиозапис Да
944 ## - СЪЗДАВАНЕ И РЕДАКЦИЯ на ЗАПИСА
Създаване/Редакция Създаване
Дата на регистрацията/редакция 07.03.2013
Номер на служител CRON CRON
Служител, извършил регистрацията/редакцията
944 ## - СЪЗДАВАНЕ И РЕДАКЦИЯ на ЗАПИСА
Създаване/Редакция Редакция
Дата на регистрацията/редакция 07.03.2013
Номер на служител 07.03.2013 - от С1,Р / 07.03.2013
999 ## - СИСТЕМНИ КОНТРОЛНИ НОМЕРА
Koha biblionumber 134553
Koha biblioitemnumber 134553
999 ## - СИСТЕМНИ КОНТРОЛНИ НОМЕРА
Koha biblioitemnumber 134553
999 ## - СИСТЕМНИ КОНТРОЛНИ НОМЕРА
Koha biblioitemnumber 134553
999 ## - СИСТЕМНИ КОНТРОЛНИ НОМЕРА
Koha biblioitemnumber 134553
Наличности
Код за отписване Код за изгубен артикул Източник на класификационната схема Код за повреда Коз за рестрикции Код за отдаване Артикулен № Име на библиотеката - собственик Име на библиотеката, в която се намира в момента Статус (Текущо местоположение) Дата на вписване в системата Местоположение - отдел Цена в лева Инвентарен номер Систематично азбучна сигнатура Баркод Номер на екземпляра Цена в евро Служебна бележка Служебен тип на артикула
  Не е изгубен Universal Decimal Classification Не е повреден без рестрикции ползва се в читалня 219860 Регионална библиотека "Любен Каравелов" Русе Регионална библиотека "Любен Каравелов" Русе Хранилище 1967-01-01 Хранилище 1.37 13353/67 Цб 298894 900000104696 1 0.70 Дост: Dp Вид: Д N: Сф Дата: 01.01.1967 Дата инв: 08.11.2017 Бележки инв: К2017 Книги
Изтеглен Не е изгубен Universal Decimal Classification Не е повреден без рестрикции заемане за дома 219861 Регионална библиотека "Любен Каравелов" Русе Регионална библиотека "Любен Каравелов" Русе Заемна - подръчен фонд 1967-01-01 Заемна - подръчен фонд 0.00 13404/67 П 886.7-9/С 83 13404/67 2 0.00 N: Сф Дата: 01.01.1967 Книги
Изтеглен Не е изгубен Universal Decimal Classification Не е повреден без рестрикции заемане за дома 219862 Регионална библиотека "Любен Каравелов" Русе Регионална библиотека "Любен Каравелов" Русе Заемна - подръчен фонд 1967-01-01 Заемна - подръчен фонд 1.37 13406/67 П 886.7-9/С 83 900000042654 3 0.70 N: Сф Дата: 01.01.1967 Дата инв: 12.02.2018 Бележки инв: П2018 Книги
Изтеглен Не е изгубен Universal Decimal Classification Не е повреден без рестрикции заемане за дома 219863 Регионална библиотека "Любен Каравелов" Русе Регионална библиотека "Любен Каравелов" Русе Заемна - подръчен фонд 1967-01-01 Заемна - подръчен фонд 1.37 13409/67 П 886.7-9/С 83 13409/67 4 0.70 N: Сф Дата: 01.01.1967 Дата инв: 12.02.2018 Бележки инв: П2018 Книги
Vip Innovations Ltd, Rousse, Bulgaria 2025